Vývoj ekonomickej, sociálnej a politickej dimenzie globalizácie vo svete a na Slovensku
Index globalizácie a miera váhy jednotlivých položiek. Rebríček miery globalizácie jednotlivých krajín sveta zostavený na základe indexu globalizácie KOF 2013. Index ekonomickej globalizácie, sociálnej globalizácie a politickej globalizácie Slovenskej republiky (1993-2013).
Enregistré dans:
| Auteur principal: | |
|---|---|
| Autres auteurs: | |
| Format: | Chapitre de livre |
| Langue: | slovaque |
| Sujets: | |
| Tags: |
Pas de tags, Soyez le premier à ajouter un tag!
|
MARC
| LEADER | 00000naa a2200000 4500 | ||
|---|---|---|---|
| 001 | 0190939 | ||
| 005 | 20240502073218.2 | ||
| 041 | 0 | |a slo | |
| 044 | |a SK | ||
| 245 | 1 | 0 | |a Vývoj ekonomickej, sociálnej a politickej dimenzie globalizácie vo svete a na Slovensku |c Jana Tánczosová, Lucia Vanková |
| 520 | |a Index globalizácie a miera váhy jednotlivých položiek. Rebríček miery globalizácie jednotlivých krajín sveta zostavený na základe indexu globalizácie KOF 2013. Index ekonomickej globalizácie, sociálnej globalizácie a politickej globalizácie Slovenskej republiky (1993-2013). | ||
| 610 | 2 | 0 | |a globalizácia |
| 610 | 2 | 0 | |a indexy |
| 610 | 2 | 0 | |a vývoj |
| 610 | 2 | 0 | |a svet |
| 610 | 2 | 0 | |a Slovensko |
| 100 | 1 | |a Tánczosová, Jana | |
| 700 | 1 | |a Vanková, Lucia | |